Alle deutschen Teilnehmer beim Eurovision Song Contest (ESC) - Statistiken

Allgemein
  • Dieses Quiz wurde 185 mal gespielt
  • Das Durchschnittsergebnis liegt bei 32 aus 68
Antwortstatistiken
Jahr Song 🏆 Name(n) % Korrekt
2010 🎶 Satellite 1. 🥇 Lena
99%
2011 🎶 Taken By a Stranger 10. Lena
99%
1998 🎶 Guildo hat Euch lieb! 7. Guildo Horn
95%
2000 🎶 Wadde hadde dudde da? 5. Stefan Raab
95%
1982 🎶 Ein bisschen Frieden 1. 🥇 Nicole
93%
2018 🎶 You Let Me Walk Alone 4. Michael Schulte
80%
1979 🎶 Dschinghis Khan 4. Dschinghis Khan
75%
2004 🎶 Can't Wait Until Tonight 8. Max Mutzke
75%
2007 🎶 Frauen regier'n die Welt 19. Roger Cicero
75%
2019 🎶 Sister 25. S!sters
75%
2013 🎶 Glorious 21. Cascada
73%
2022 🎶 Rockstars 25. Malik Harris
73%
2012 🎶 Standing Still 8. Roman Lob
73%
2006 🎶 No No Never 15. Texas Lightning
73%
2015 🎶 Black Smoke 27. Ann Sophie
72%
2001 🎶 Wer Liebe lebt 8. Michelle
69%
2008 🎶 Disappear 23. No Angels
69%
1970 🎶 Wunder gibt es immer wieder 3. 🥉 Katja Ebstein
67%
1971 🎶 Diese Welt 3. 🥉 Katja Ebstein
67%
1980 🎶 Theater 2. 🥈 Katja Ebstein
67%
2024 🎶 Always On The Run 12. Isaak
65%
2023 🎶 Blood & Glitter 26. Lord of the Lost
65%
2016 🎶 Ghost 26. Jamie - Lee
63%
2021 🎶 I Don't Feel Hate 25. Jendrik
63%
2009 🎶 Miss Kiss Kiss Bang 20. Alex Swings Oscar sings!
57%
1985 🎶 Für alle 2. 🥈 Wind
53%
1987 🎶 Laß die Sonne in dein Herz 2. 🥈 Wind
53%
1992 🎶 Träume sind für alle da 16. Wind
53%
2014 🎶 Is It Right 18. Elaiza
50%
2017 🎶 Perfect Life 25. Levina
48%
2003 🎶 Let's Get Happy 12. Lou
47%
2002 🎶 I Can't Live Without Music 21. Corinna May
45%
2005 🎶 Run & Hide 24. Gracia
45%
1989 🎶 Flieger 14. Nino de Angelo
43%
1981 🎶 Johnny Blue 2. 🥈 Lena Valaitis
42%
1996 🎶 Planet of Blue 24. Leon
41%
1972 🎶 Nur die Liebe lässt uns leben 3. 🥉 Mary Ross
40%
1984 🎶 Aufrecht geh'n 13. Mary Ross
40%
1993 🎶 Viel zu weit 18. Münchner Freiheit
39%
1956 🎶 Im Wartesaal zum großen Glück🎶 So geht das jede Nacht k.A. Walter Andreas Schwarz | Freddy Quinn
38%
1999 🎶 Reise nach Jerusalem - Kudüs'e seyahat 3. 🥉 Sürpriz
36%
1983 🎶 Rücksicht 5. Hoffmann & Hoffmann
35%
1975 🎶 Ein Lied kann eine Brücke sein 17. Joy Fleming
35%
1962 🎶 2 kleine Italiener 6. Conny Froboess
33%
1978 🎶 Feuer 6. Ireen Sheer
33%
1994 🎶 Wir geben 'ne Party 3. 🥉 Mekado
33%
1974 🎶 Die Sommermelodie 14. Cindy & Bert
32%
1991 🎶 Dieser Traum darf niemals sterben 18. Atlantis 2000
29%
1976 🎶 Sing Sang Song 15. The Les Humphries Singers
29%
1973 🎶 Junger Tag 8. Gitte
27%
1997 🎶 Zeit 18. Bianca Shomburg
26%
1959 🎶 Heute Abend wollen wir tanzen geh'n 8. Alice Kessler | Ellen Kessler
24%
1969 🎶 Primaballerina 9. Siw Malmkvist
23%
1968 🎶 Ein Hoch der Liebe 6. Wencke Myhre
22%
1957 🎶 Telefon, Telefon 4. Margot Hielscher
21%
1958 🎶 Für 2 Groschen Musik 7. Margot Hielscher
21%
1988 🎶 Lied für einen Freund 14. Maxi Garden | Chris Garden
19%
1995 🎶 Verliebt in dich 23. Stone & Stone
19%
1986 🎶 Über die Brücke geh'n 8. Ingrid Peters
17%
1964 🎶 Man gewöhnt sich so schnell an das Schöne 13. Nora Nova
17%
1977 🎶Telegram 8. Silver Convention
16%
1961 🎶 Einmal sehen wir uns wieder 13. Lale Andersen
15%
1963 🎶 Marcel 9. Heidi Brühl
13%
1967 🎶 Anouschka 8. Inge Brück
13%
1990 🎶 Frei zu leben 9. Chris Kempers | Daniel Kovac
11%
1965 🎶 Paradies, wo bist du? 15. Ulla Wiesner
11%
1960 🎶 Bonne nuit ma cherié - Gute Nacht, meine Liebe 4. Wyn Hoop
11%
1966 🎶 Die Zeiger der Uhr 10. Margot Eskens
10%
Keine übereinstimmenden Quizze gefunden
Verteilung der Resultate
Anzahl Personen mit jedem Resultat
Perzentil nach korrekt beantworteten Fragen
Ihre Resultats-Entwicklung
Sie haben dieses Quiz noch nicht gespielt